000 00709nam a2200241 a 4500
008
020 _a2930229276 (pbk.)
049 _aMAIN
090 _aRC660.A2
_bDIA
245 1 0 _aDiabetes atlas /
_cInternational Diabetes Federation.
250 _a2nd ed.
260 _aBrussels :
_bInternational diabetes federation,
_c2003.
300 _a360 p. :
_bcol. ill. ;
_c28 cm.
500 _aIncludes index.
504 _aIncludes bibliographical references.
650 _aDiabetes Mellitus
_vatlases.
650 1 _aDiabetes.
907 _a.b10275952
_b15-06-11
_c25-03-10
003
005 20230120204028.0
040 _cNUST
942 _cBOOKS
_kRC660.A2
_mDIA
999 _c115849
_d115849